<?xml version='1.0' encoding='UTF-8'?>
  <record xmlns="http://www.loc.gov/MARC21/slim">
    <leader>00000ctm a2200000 i 4500</leader>
    <controlfield tag="001">on1407217924</controlfield>
    <controlfield tag="003">OCoLC</controlfield>
    <controlfield tag="005">20240222075004.7</controlfield>
    <controlfield tag="008">231103m18921895ne a          000 0 dut d</controlfield>
    <datafield tag="040" ind1=" " ind2=" ">
      <subfield code="a">QGJ</subfield>
      <subfield code="b">eng</subfield>
      <subfield code="e">rda</subfield>
      <subfield code="e">dcrmmss</subfield>
      <subfield code="c">QGJ</subfield>
      <subfield code="d">QGJ</subfield>
    </datafield>
    <datafield tag="035" ind1=" " ind2=" ">
      <subfield code="a">(OCoLC)1407217924</subfield>
    </datafield>
    <datafield tag="245" ind1="0" ind2="0">
      <subfield code="a">Groenenboek /</subfield>
      <subfield code="c">[commissioned by] O. E. Hogenbrug,</subfield>
      <subfield code="f">UBU Hs 35 A 15.</subfield>
    </datafield>
    <datafield tag="246" ind1="3" ind2=" ">
      <subfield code="a">Carmina novitiorum van O. E. Hogenbrug, Korte Smeestraat 13</subfield>
    </datafield>
    <datafield tag="264" ind1=" " ind2="0">
      <subfield code="a">[Utrecht],</subfield>
      <subfield code="c">1892-1895</subfield>
    </datafield>
    <datafield tag="300" ind1=" " ind2=" ">
      <subfield code="a">1 volume (unpaged)</subfield>
      <subfield code="c">203 x 162 mm</subfield>
    </datafield>
    <datafield tag="336" ind1=" " ind2=" ">
      <subfield code="a">text</subfield>
      <subfield code="b">txt</subfield>
      <subfield code="2">rdacontent</subfield>
    </datafield>
    <datafield tag="336" ind1=" " ind2=" ">
      <subfield code="a">still image</subfield>
      <subfield code="b">sti</subfield>
      <subfield code="2">rdacontent</subfield>
    </datafield>
    <datafield tag="337" ind1=" " ind2=" ">
      <subfield code="a">unmediated</subfield>
      <subfield code="b">n</subfield>
      <subfield code="2">rdamedia</subfield>
    </datafield>
    <datafield tag="338" ind1=" " ind2=" ">
      <subfield code="a">volume</subfield>
      <subfield code="b">nc</subfield>
      <subfield code="2">rdacarrier</subfield>
    </datafield>
    <datafield tag="340" ind1=" " ind2=" ">
      <subfield code="a">paper</subfield>
      <subfield code="2">rdamat</subfield>
    </datafield>
    <datafield tag="500" ind1=" " ind2=" ">
      <subfield code="a">On flyleaf: Carmina novitiorum van O. E. Hogenbrug, Kort Smeestraat 13</subfield>
    </datafield>
    <datafield tag="500" ind1=" " ind2=" ">
      <subfield code="a">Many leaves are blank.</subfield>
    </datafield>
    <datafield tag="500" ind1=" " ind2=" ">
      <subfield code="a">Handwritten contributions from: H. Bakker, theol. nov. (drawing of gentleman and prostitute), Th. Quanjer (4 drawings), J.W.R. van Eeten, jur. nov. (poem), Van Leeuwen, jur. nov. (drawing), W.H.K. Kranenburg (drawing), A.J.F.J. Jung, jur. nov., poems by: De Jong Schouwenburg, M. Polak, jur. nov., Levin Röder, theol. nov., A. Hengeveld, litt. nov, W. Sandberg, jur. nov., F.F. van Valkenburg, jur. nov., P.M. Badings, med. nov., J.B. van Leent, L. Leigne Bakhoven med. nov., H. Havinga/Hovinga, jur. nov., J.Henri Ledeboer, theol. nov., P.R. Hoorweg, E. Saraber, theol. nov., P. van Beekum, med. nov., J.H. ten Have, theol. nov., Bouma, D. van Lonkhuyzen, Beek, H.J.I.B. Franke, K. Sasjen, jur. nov., Th. G. van Niekerk, med. nov., W.A. Roest, jur. nov., O.H. Beyerman, med. nov., A. Sparenburg, med. nov., B.W.J.C. de Menthon Bake, jur. nov., F.H.van Leeuwen, jur. nov., W. Wagenaar, med. nov., Unger, theol. nov., Hol (son of Richard Hol, composer and conductor), E. Sassen, jur. nov., E.K. Schallenberg, theol. nov., J.E. Schalkwijk, jur. nov., G.H. Cramer, med. nov., Kromsigt, theol. nov., Th. A.A. Quanjer, Eerdheek, J. Moltzer, med. nov., Jonckers Nieboer, A. de Rijk, med. nov., L.J. Terneden, phil. nov., G.J.C. Hartman, med. nov., Frijling, Evert Bessem, Vonk de Both, jur. nov., F.A.C. van Lynden van Sandenburgh, Van Till, J.G. Visscher, Klaassen, med. nov., P.J. Roscam Abbing, theol. nov., S.L. Schouten, phil. nov.(son of reverend Leendert Schouten), A. Oudegeest, W. van den Hagt, C.J. Pekelharing, H.Röell, Van Zijst, J.W. Wesselink, Treuttart Ridder van Rappard, jur. nov., W. Prange, Schoch, Van der Voort, C. Burkens, med. nov., J.W. Hannema, B.C. van de Nagel, M.F. L. Ennema, Groenenboom, G. van Hoogstraten, theol. nov., J.A. van Dusseldorp, N.L. van Woerden, Haas, U.W. Numans, H. Dorlas, C.W.Th. van Boetzelaer, Fr. Kuijper, J.J.L. Leeuwen, Cramer, F.A.A. van der Kaaij, Ph. Taminiau, L. Bouthoorn, A.E. Schouten, J.J.R. Moquette, E.H.F. Wwtewaall van Stoetwegen, H. Waller, J. Moltzer, Hoeufft, KIndermann, Van Kummel, Lazonder, Van Vogelpal, H. Couvee, L. de Geer, J. van Zeldam, H. van Lonkhuijzen, Chr. Nuyens, Kock, W. Huiskamp, J.J. van de Poll, G.F. Rochat, A. Brouwer, A. de Groot, Jhr. B. de Jonge, L.H.P. Breedvelt, Brinkhorst Sandberg, Rammondt (?), Van Vekenburg, G. Heidenrijk, J. Cramer, H. Hooglandt, J.G. van der Harst, "Groenenwals (music score) by J.W.R. van Eeten from almost all mentioned students information concerning their parents is added. [Source: AbeBooks]</subfield>
    </datafield>
    <datafield tag="520" ind1="2" ind2=" ">
      <subfield code="a">Manuscript book, lithograph titlepage with text "Groenenboek" and coat of arms of the university of Utrecht, Sol Justitiae Illustra Nos, with contributions of aspiring members of the student fraternity Utrechtsch Studentencorps (USC) dating from 1892 to 1895, contributions were poems, drawings, music score etc. Some drawings with an erotic nature. --</subfield>
      <subfield code="c">AbeBooks</subfield>
    </datafield>
    <datafield tag="524" ind1="8" ind2=" ">
      <subfield code="a">Cite as: Universiteitsbibliotheek Utrecht Hs 35 A 15.</subfield>
    </datafield>
    <datafield tag="541" ind1=" " ind2=" ">
      <subfield code="c">Purchase;</subfield>
      <subfield code="a">Goltzius;</subfield>
      <subfield code="b">Lisse;</subfield>
      <subfield code="d">20231102;</subfield>
      <subfield code="h">euro 575</subfield>
    </datafield>
    <datafield tag="545" ind1=" " ind2=" ">
      <subfield code="a">Oene Egges Hogenbrug; born Jorwerd, Feb. 25, 1872; living Korte Smeestraat 13 (Bevolkingregister Utrecht, 1813-1969).</subfield>
    </datafield>
    <datafield tag="563" ind1=" " ind2=" ">
      <subfield code="a">Green linen binding over cardboards.</subfield>
    </datafield>
    <datafield tag="610" ind1="2" ind2="0">
      <subfield code="a">Utrechtsch Studenten Corps.</subfield>
    </datafield>
    <datafield tag="650" ind1=" " ind2="0">
      <subfield code="a">Poetry.</subfield>
    </datafield>
    <datafield tag="650" ind1=" " ind2="0">
      <subfield code="a">College freshmen</subfield>
      <subfield code="z">Netherlands.</subfield>
    </datafield>
    <datafield tag="610" ind1="2" ind2="0">
      <subfield code="a">Rijksuniversiteit te Utrecht</subfield>
      <subfield code="x">Freshmen.</subfield>
    </datafield>
    <datafield tag="650" ind1=" " ind2="2">
      <subfield code="a">Students</subfield>
    </datafield>
    <datafield tag="650" ind1=" " ind2="2">
      <subfield code="a">Poetry as Topic</subfield>
    </datafield>
    <datafield tag="650" ind1=" " ind2="6">
      <subfield code="a">Poésie.</subfield>
    </datafield>
    <datafield tag="650" ind1=" " ind2="6">
      <subfield code="a">Étudiants.</subfield>
    </datafield>
    <datafield tag="650" ind1=" " ind2="6">
      <subfield code="a">Étudiants de première année</subfield>
      <subfield code="z">Pays-Bas.</subfield>
    </datafield>
    <datafield tag="650" ind1=" " ind2="7">
      <subfield code="a">poetry.</subfield>
      <subfield code="2">aat</subfield>
    </datafield>
    <datafield tag="650" ind1=" " ind2="7">
      <subfield code="a">students.</subfield>
      <subfield code="2">aat</subfield>
    </datafield>
    <datafield tag="610" ind1="2" ind2="7">
      <subfield code="a">Rijksuniversiteit te Utrecht</subfield>
      <subfield code="2">fast</subfield>
    </datafield>
    <datafield tag="650" ind1=" " ind2="7">
      <subfield code="a">College freshmen</subfield>
      <subfield code="2">fast</subfield>
    </datafield>
    <datafield tag="650" ind1=" " ind2="7">
      <subfield code="a">Poetry</subfield>
      <subfield code="2">fast</subfield>
    </datafield>
    <datafield tag="700" ind1="1" ind2=" ">
      <subfield code="a">Hogenbrug, O. E.</subfield>
      <subfield code="q">(Oene Egges),</subfield>
      <subfield code="d">1872-1946,</subfield>
      <subfield code="e">patron,</subfield>
      <subfield code="e">former owner.</subfield>
      <subfield code="4">pat</subfield>
      <subfield code="4">fmo</subfield>
    </datafield>
    <datafield tag="710" ind1="2" ind2=" ">
      <subfield code="a">Universiteit Utrecht.</subfield>
      <subfield code="b">Bibliotheek.</subfield>
      <subfield code="k">Manuscript.</subfield>
      <subfield code="n">Hs 35 A 15.</subfield>
    </datafield>
  </record>